| 000 | 00661nam a2200193Ia 4500 | ||
|---|---|---|---|
| 005 | 20250508170229.0 | ||
| 008 | 008 250505s9999 xx 000 0 eng d | ||
| 037 | _aTheses | ||
| 040 |
_aFEDL _beng _cFEDL |
||
| 041 |
_aeng _2eng |
||
| 084 |
_a372.652 1, ABB/TH _qFEDL |
||
| 100 |
_aAbbas Muna Mohammed _9783546 |
||
| 245 | 0 | _aPractice of teaching and learning english as a foreign language in Iraqi primary schools: A study in Babylon | |
| 260 | _c2013 | ||
| 300 | _avi, 381p. | ||
| 546 | _aPh.D.Thesis (Jamia Millia Islamia University); Gifted by Prof. Sailaja Chennat | ||
| 942 |
_cTH _h372.652 1, ABB/TH |
||
| 999 |
_c1399930 _d1399930 |
||